000 00374 a2200145 4500
005 20250626090653.0
020 _a9780072991593
082 _a658.15 ROS
100 _aROSS, S.
245 _aFundamentals Corporate Finance
260 _aNew York
_bMc Graw Hill,
_c2006
300 _axxxix,843p.
_bAppendix
_c25cm.
700 _aWESTERFIELD, R. & JORDAN, B.D.
942 _2ddc
_cBKS
999 _c5255
_d5255